| 000 | 00000nam##2200000za#4500 |
| 001 | 9.618809 |
| 003 | CaOODSP |
| 005 | 20210615103051 |
| 007 | ta |
| 008 | 150406|2007||||xxc||||| f|0| 0 eng|d |
| 022 | |a0706-6457 |
| 040 | |aCaOODSP|beng |
| 043 | |an-cn--- |
| 086 | 1 |aFs97-6/2729E |
| 110 | 1 |aCanada. |bDepartment of Fisheries and Oceans. |
| 245 | 10|aAssessment of lower food web in Hamilton Harbour, Lake Ontario, 2002-2004 / |cby R. Dermott ... [et al.] |
| 260 | |aBurlington - Ontario : |bFisheries and Oceans Canada |c2007. |
| 300 | |av, 120p.. : |bfigs., graphs, maps, references, tables ; |c28 cm. |
| 490 | 1 |aCanadian technical report of fisheries and aquatic sciences|x0706-6457|v2729 |
| 500 | |a"Great Lakes Laboratory for Fisheries and Aquatic Sciences, 867 Lakeshore Road, Burlington, Ontario L7R 4A6". |
| 563 | |aSpiral binding |
| 590 | |a08-24|b2008-06-13 |
| 720 | 1 |aDermott, R. |
| 776 | 0#|tAssessment of lower food web in Hamilton Harbour, Lake Ontario, 2002 - 2004 / |w(CaOODSP)9.575093 |
| 830 | #0|aCanadian technical report of fisheries and aquatic sciences,|x0706-6457|v2729|w(CaOODSP)9.514690 |